Finish The Spongebob Quote: Patrick Edition - Statistics

General Stats
  • This quiz has been taken 79 times
  • The average score is 9 of 15
Answer Stats
Hint Answer % Correct
"Is _____ an instrument?" mayonnaise
91%
"Oh...___? I thought you said weast." east
87%
"Once upon a time there was an ___ barnacle. He was so ___, everyone died. The end." ugly
87%
"____ grasp it!" firmly
81%
"The inner machinations of my mind are an ____." enigma
79%
"Oh c'mon, you know, I ____, you ____, he, she, we, ____." wumbo
74%
"Where's the ____ ma'am? leak
69%
"He's just standing there...._______!" menacingly
67%
"Liar, Liar _____ for hire." plants
66%
"HAHAHA it's a _____!" giraffe
63%
"Don't touch me, i'm _____." sterile
51%
"When in doubt, ____ out." pinky
40%
*Dennis grows mustache* "Is he a ______?" mermaid
33%
"Wow..._______ must mean the opposite of beauty sleep!" hibernation
26%
"I LOVE BEING ____!" purple
26%
No matching quizzes found
Score Distribution
Percent of People with Each Score
Percentile by Number Answered
Your Score History
You have not taken this quiz